Länder nach Flüssen 1# - Statistiken

Allgemein
  • Dieses Quiz wurde 180 mal gespielt
  • Das Durchschnittsergebnis liegt bei 9 aus 14
Antwortstatistiken
Flussbeispiel(e) Land % Korrekt
Dnepr; Charkiw; Tyra Ukraine
92%
Aare; Rhein Schweiz
89%
Benue;Niger Nigeria
88%
Salzach; Mur Österreich
87%
Arno Italien
86%
Kongo; Mbuji Mayi;Kasai Demokratische Republik Kongo
84%
Rhein; Mark Niederlande
81%
Rio Segura; Tajo Spanien
78%
Jhelam; Indus Pakistan
73%
Saone; Charente Frankreich
56%
Save; Kupa Kroatien
55%
Porsuk Cayi; Seyhan Türkei
24%
Meghna; Padma Bangladesch
19%
Yamuna; Mahakali; Sone River Indien
9%
Keine übereinstimmenden Quizze gefunden
Verteilung der Resultate
Anzahl Personen mit jedem Resultat
Perzentil nach korrekt beantworteten Fragen
Ihre Resultats-Entwicklung
Sie haben dieses Quiz noch nicht gespielt